Logic : (Record no. 39033)
[ view plain ]
| 000 -LEADER | |
|---|---|
| fixed length control field | 00738nam a22002777a 4500 |
| 003 - CONTROL NUMBER IDENTIFIER | |
| control field | OSt |
| 005 - DATE AND TIME OF LATEST TRANSACTION | |
| control field | 20160129105245.0 |
| 008 - FIXED-LENGTH DATA ELEMENTS--GENERAL INFORMATION | |
| fixed length control field | 130219t xxu||||| |||| 00| 0 eng d |
| 020 ## - INTERNATIONAL STANDARD BOOK NUMBER | |
| International Standard Book Number | 9717090254 |
| 050 ## - LIBRARY OF CONGRESS CALL NUMBER | |
| Classification number | BC 108 |
| Item number | .Sa23 2006 |
| 082 ## - DEWEY DECIMAL CLASSIFICATION NUMBER | |
| Classification number | FIL 160 |
| Item number | Sa5 2006 |
| 100 ## - MAIN ENTRY--PERSONAL NAME | |
| Personal name | Santiago, Alma Salvador. |
| 245 ## - TITLE STATEMENT | |
| Title | Logic : |
| Remainder of title | The art of reasoning |
| Statement of responsibility, etc | Alma Salvador Santiago. |
| 260 ## - PUBLICATION, DISTRIBUTION, ETC. (IMPRINT) | |
| Place of publication, distribution, etc | [s.n] : |
| Name of publisher, distributor, etc | Redman Printing Press, |
| Date of publication, distribution, etc | 2006. |
| 300 ## - PHYSICAL DESCRIPTION | |
| Extent | xv, 279 pages : |
| Other physical details | illustrations ; |
| Dimensions | 22 cm. |
| 500 ## - GENERAL NOTE | |
| General note | Includes bibliographical references. |
| 526 ## - STUDY PROGRAM INFORMATION NOTE | |
| Reading level | 1210L-1700L |
| 562 ## - COPY AND VERSION IDENTIFICATION NOTE | |
| Number of copies | 6 |
| 942 ## - ADDED ENTRY ELEMENTS (KOHA) | |
| Source of classification or shelving scheme | Library of Congress Classification |
| Koha item type | Books |
| Call number prefix | Filipininana |
| Withdrawn status | Lost status | Source of classification or shelving scheme | Damaged status | Home library | Current library | Shelving location | Date acquired | Source of acquisition | Total Checkouts | Full call number | Barcode | Date last seen | Date checked out | Copy number | Price effective from | Koha item type |
|---|---|---|---|---|---|---|---|---|---|---|---|---|---|---|---|---|
| Library of Congress Classification | Archives | Archives | 04/10/2013 | Donation | 1 | BC 71 .Sa23 2006 | C8470 | 05/08/2018 | 09/28/2016 | 6 | 10/03/2013 | Books |